Random Hoofdsteden #1 - Statistieken

Algemene statistieken
  • Deze quiz is 34 keer genomen
  • De gemiddelde score is 8 van 10
Antwoordstatistieken
Antwoord % Correct
Italie Rome
100%
Brazilie Brasilia
94%
Thailand Bangkok
90%
Finland Helsinki
90%
Indonesie Jakarta
87%
Marokko Rabat
81%
Noord Korea Pyongyang
74%
Moldavie Chisinau
68%
Guatamala Guatamala
52%
Saudi Arabie Riyadh
52%
Geen overeenkomende quizzen gevonden
Scoreverdeling
Procent van Mensen met Elke Score
Percentiel versus Aantal Correcte Antwoorden
Uw Scoregeschiedenis
U heeft deze quiz nog niet genomen